000 00859cam a22002414a 4500
001 12309866
005 20241129170304.0
008 010214s2002 maua b 001 0 eng
020 _a0073659088 (alk. paper)
020 _a9780073659084
050 0 0 _aHD58.7
_b.S953 2002
082 0 0 _a658.3
_221
100 1 _aSweeney, Paul D.,
_d1955-
245 1 0 _aOrganizational behavior :
_bsolutions for management /
_cPaul D. Sweeney, Dean B. McFarlin.
260 _aBoston :
_bMcGraw-Hill Irwin,
_cc2002.
300 _axx, 476 p. :
_bill. ;
_c27 cm.
650 0 _aOrganizational behavior.
650 0 _aPersonnel management.
700 1 _aMcFarlin, Dean B.
856 4 2 _3Publisher description
_uhttp://www.loc.gov/catdir/description/mh021/2001030308.html
856 4 1 _3Table of contents
_uhttp://www.loc.gov/catdir/toc/mh021/2001030308.html
942 _2lcc
_cBK
_n0
999 _c1781
_d1781